00648nam a2200205Ia 450000500170000000800410001702000160005804000190007404100120009308200130010510000140011824501260013226000420025830000170030044000250031750400400034265000290038270000210041185000100043220230120140025.0131103s9999 xx 000 0 und d a019282922 X aLoreto College aEnglish a882bSOP aSophocles aAntigone Odepus the king ElectracSophocles;translated by H.D.F.Kitto;edited with an introduction and notes by Edith Hall aOxfordbOxford University pressc1994 axliv,180 p.  aThe World's Classics aIncludes bibliographical references aSophocles,4496 -406 B.C. aKitto,H.D.F.,tr. aLCLIB